[Event "Valasska Bystrice op 13th"]
[Site "Valasska Bystrice"]
[Date "2022.09.12"]
[Round "4"]
[White "Zmelty, David"]
[Black "Mattivi, Jaroslav"]
[Result "1-0"]
[WhiteElo "1376"]
[BlackElo "1142"]
[PlyCount "75"]
[EventDate "2022.09.10"]
[EventType "swiss"]
[EventRounds "9"]
[EventCountry "CZE"]
[SourceTitle "CBM 210 Extra"]
[Source "ChessBase"]
[SourceDate "2022.11.30"]
[SourceVersion "1"]
[SourceVersionDate "2022.11.30"]
[SourceQuality "1"]

1. e4 e5 2. Nc3 b6 3. Bc4 Bb7 4. d3 Bc5 5. Qh5 Qf6 6. Nf3 d6 7. Bg5 Qg6 8. Qh3 h6 9. Nb5 Na6 10. c3 Bc8 11. Qh4 f6 12. Bd2 Qxg2 13. Ke2 Qg4 14. Qxg4 Bxg4 15. b4 Bxf3+ 16. Kxf3 Bxf2 17. Kxf2 Ke7 18. Nxd6 Kxd6 19. Bxa6 Rb8 20. Bc4 Ne7 21. a4 g5 22. a5 b5 23. Bb3 a6 24. Kg3 f5 25. exf5 Nxf5+ 26. Kg4 Rbf8 27. Raf1 Ne7 28. Rxf8 Rxf8 29. h4 Rf2 30. Be3 Rg2+ 31. Kf3 Rb2 32. Bc5+ Kd7 33. Bxe7 Rxb3 34. hxg5 Kxe7 35. gxh6 Rxc3 36. h7 Rxd3+ 37. Ke4 Rd4+ 38. Kxe5 1-0

[Event "Valasska Bystrice op 11th"]
[Site "Valasska Bystrice"]
[Date "2019.09.12"]
[Round "7"]
[White "Zmelty, David"]
[Black "Doskar, Miloslav"]
[Result "0-1"]
[WhiteElo "1434"]
[BlackElo "1613"]
[PlyCount "56"]
[EventDate "2019.09.07"]
[EventType "swiss"]
[EventRounds "9"]
[EventCountry "CZE"]
[SourceTitle "EXT 2020"]
[Source "ChessBase"]
[SourceDate "2019.10.17"]
[SourceVersion "1"]
[SourceVersionDate "2019.10.17"]
[SourceQuality "1"]

1. e4 e5 2. Nc3 Nf6 3. Nf3 Nc6 4. Bb5 d6 5. d4 exd4 6. Nxd4 Bd7 7. Bg5 Be7 8. 0-0 Nxd4 9. Bxd7+ Qxd7 10. Qxd4 h6 11. Bh4 0-0 12. Rae1 Rfe8 13. Re2 Nh7 14. Bxe7 Rxe7 15. Rfe1 b6 16. Nd5 Re6 17. Nf4 Re5 18. Re3 Rae8 19. Nd3 R5e7 20. Rg3 f6 21. f3 c5 22. Qd5+ Qe6 23. Qh5 c4 24. Nf4 Qe5 25. Qxe5 Rxe5 26. Nd5 Rxd5 27. Re3 Rd1+ 28. Kf2 Rd2+ 0-1